| 000 | 00395 a2200169 4500 | ||
|---|---|---|---|
| 001 | 46634 | ||
| 020 | _a9788532284211 | ||
| 040 | _cAnchieta - Aquarius | ||
| 100 | _aAlmada Rivero, Marcos | ||
| 240 | 1 | 0 |
_a*Oscar e sua cauda de minhoca _lpor |
| 245 | 1 | 0 | _a*Oscar e sua cauda de minhoca |
| 300 | _a | ||
| 362 | 0 | _a2013 | |
| 440 | 1 | _aFTD | |
| 650 | 4 | _aLiteratura infanto-juvenil | |
| 942 | _cBK | ||
| 999 |
_c46634 _d46634 |
||